TOP 100 POLSKI RAP / TRAP / HIP-HOP - Statystyki

Ogólne statystyki
  • Ten quiz został rozwiązany 625 razy
    592 od ostatniego zresetowania
  • Średni wynik to 20 z 100
Statystyki odpowiedzi
miejsce views Tytuł % Poprawnych
#18 88,01 mln California
64%
#1 150,22 mln Język Ciała
63%
#2 126,71 mln Na szczycie
63%
#52 57,63 mln Patointeligencja
54%
#54 57,59 mln Patoreakcja
54%
#11 99,17 mln Tamagotchi
44%
#8 105,09 mln Eldorado
43%
#5 107,99 mln Half dead
43%
#6 107,45 mln ANIOŁY I DEMONY
40%
#46 59,47 mln Kiss cam
40%
#45 59,96 mln Schodki
39%
#10 103,81 mln SZAMAN
39%
#39 64,80 mln DISNEY
38%
#17 89,57 mln UA
37%
#25 76,88 mln 8 Kobiet
35%
#7 105,40 mln RAINMAN
34%
#4 108,63 mln Bez Strachu
32%
#22 78,57 mln Papierosy_rmx
32%
#13 93,54 mln Candy
31%
#29 71,34 mln Jesteś ładniejsza niż na zdjęciach
29%
#49 58,49 mln Kryptowaluty
29%
#14 92,95 mln Poza kontrolą
29%
#41 63,16 mln Hinata
27%
#19 87,61 mln Impreza
27%
#48 58,60 mln @ (małpa)
25%
#50 58,33 mln Bossman
24%
#15 91,33 mln Nie, nie
24%
#44 60,10 mln 05:05
23%
#33 66,22 mln Bestia
23%
#51 58,12 mln Nowy Kolor
23%
#9 103,87 mln 1 moment
22%
#31 68,51 mln F A L A
22%
#85 43,32 mln Mogę dziś umierać
22%
#38 64,95 mln Mówiłaś
22%
#57 55,75 mln Sorry Dolores
22%
#26 76,36 mln Wodospady
22%
#60 55,03 mln Billy Kid
21%
#12 98,36 mln Gdybyś kiedyś
21%
#86 43,22 mln RS7
20%
#40 64,45 mln B L U E B E R R Y
19%
#70 50,17 mln Deszcz na betonie
19%
#87 43,09 mln Napad na bank
19%
#43 62,18 mln Płuca Zlepione Topami
19%
#3 110,40 mln Zbyt wiele
19%
#78 45,96 mln Księżniczki
18%
#67 51,08 mln Robię Yeah
18%
#36 65,15 mln 30 KMH
17%
#20 86,97 mln 3KIPA
17%
#30 70,70 mln Casablanca
17%
#28 73,40 mln Dla prawdziwych dam
17%
#66 51,21 mln Jagodzianki
17%
#23 78,53 mln Młoda krew
17%
#83 43,63 mln A nie pamiętasz jak?
16%
#42 62,88 mln Fiołkowe pole
16%
#77 46,15 mln Floyd Mayweather
16%
#93 42,26 mln Janosik
16%
#16 91,02 mln Mademoiselle
15%
#24 78,37 mln Wiking
15%
#62 53,85 mln Albański raj
14%
#58 55,70 mln Kontrola Jakości
14%
#59 55,26 mln Oddajemy Krew Wampirom
14%
#21 80,18 mln 4 Pory Roku
13%
#89 42,97 mln Kinol
13%
#82 43,77 mln UFO
13%
#56 55,89 mln Do końca
12%
#91 42,49 mln Meow
12%
#27 74,39 mln Mój Ziomek
12%
#34 66,18 mln Żyć aż do bólu
12%
#68 51,03 mln ZYGZAK
12%
#79 45,75 mln Ninja
11%
#74 47,00 mln CARDIO
10%
#53 57,59 mln Chcemy być Wyżej
10%
#55 56,40 mln Chcemy Być Wyżej
10%
#72 48,06 mln Bali
9%
#76 46,17 mln Nad ranem
9%
#92 42,36 mln Pole Marysi
9%
#47 59,19 mln Testarossa
9%
#65 52,46 mln Uzależniony
9%
#84 43,38 mln Wyjebane
9%
#64 52,57 mln Balans
8%
#61 54,44 mln DYM
8%
#80 45,35 mln Fake Love
8%
#32 68,20 mln PRZEJMUJEMY JUTUBY
8%
#37 64,96 mln Szpaku #Hot16Challenge2
8%
#97 41,50 mln Zosia
8%
#90 42,87 mln Będzie lepiej
7%
#81 44,90 mln koszmar minionego lata
7%
#99 41,38 mln Bad Boy
6%
#95 41,73 mln Molly
6%
#94 42,07 mln OPARY
6%
#69 50,57 mln DIRTY DIANA
5%
#35 65,74 mln Jeszcze będzie hajc
5%
#71 49,77 mln Taka Dama
5%
#98 41,43 mln Braci się nie traci
4%
#75 46,73 mln Przepraszam
4%
#63 53,41 mln Gdy Ujrzałem Drogę
3%
#88 43,05 mln W aucie
3%
#96 41,63 mln Nie Lubimy Robić
2%
#73 47,36 mln Obiecuję Ci
2%
#100 41,36 mln W sieci
1%
Nie znaleziono quizów pasujących do podanych kryteriów
Rozkład punktacji
Procent ludzi z każdym wynikiem
Percentyl według liczby udzielonych odpowiedzi
Twoja historia wyników
Nie rozwiązałeś tego quizu od ostatniego zresetowania